Statistiques concernant 20 meilleurs joueurs de tennis provenant des Etats-unis actuels

Cliquez ici pour prendre le quiz!

Statistiques générales

  • Ce quiz a été pris 232 fois
    (219 depuis la dernière actualisation)
  • Le résultat moyen est 7 sur 20

Statistiques - réponses

NuméroClassementJoueurs% Correct
323Isner
91%
117Fritz
87%
434Tiafoe
80%
220Opelka
58%
541Paul
56%
18157Sock
52%
643Korda
45%
851Mcdonald
40%
959Cressy
36%
1181Nakashima
34%
13104Johnson
28%
745Brooksby
27%
1061Giron
27%
15110Querrey
20%
14105Kudla
17%
1294Sandgren
8%
20163Krueger
7%
19158Fratangelo
5%
17169Kozlov
5%
16141Escobedo
4%

Distribution des résultats

Percentile par nombre de réponses

% des personnes avec chaque résultat

Votre développement - résultats

Vous n’avez pas pris ce quiz depuis la dernière actualisation